| 000 | 01729nab a2200217 i 4500 | ||
|---|---|---|---|
| 001 | 768714001 | ||
| 003 | CO-MdFUSB | ||
| 005 | 20240614111117.0 | ||
| 008 | 240614t2015 ck ||||| |||| 00| 0 spa d | ||
| 040 |
_bspa _cCO-MdFUSB _dCO-MdFUSB |
||
| 041 | _aspa | ||
| 100 |
_a Korstanje, Maximiliano E., _eautor |
||
| 245 |
_aPostmodernidad y personalidad heroica, cuando el sufrimiento es placentero _c/ Maximiliano E. Korstanje |
||
| 520 | _aEl presente ensayo examina no solo como se forma el miedo moderno y su relación con la tragedia, sino las diversas formas culturales de vivirla respecto al futuro. Se antepone la figura de la personalidad heroica como una construcción moderna centrada en la necesidad de sentir placer por la pérdida. Esta tendencia lleva a las personas a sentirse únicas respecto a otras. Si el héroe es aquel que no se doblega ante el destino, también es un ser que lleva tras sí una historia de dolor y sufrimiento. Ahora bien, tanto los países de raigambre cultural latino como los germánicos han elaborado diferentes formas de vivir lo trágico; lo cierto es que el futuro, como construcción social, juega un rol importante en dichos procesos. Mientras para los anglosajones el futuro se mantiene como una entidad inmutable que no puede ser modificada, para los latinos el futuro se construye sólo desde el presente. | ||
| 650 | 7 |
_aCiencias sociales _xFilosofía _97081 |
|
| 650 | 7 |
_aSufrimiento _9281 |
|
| 650 | 7 |
_aPersonalidad _97212 |
|
| 773 | 0 |
_070182 _982767 _dBarranquilla - Medellín, Colombia : _oR2642 _tPensamiento Americano _w(CO-MdFUSB)768714001 _gVolumen 8, (número 14, 2015) páginas: 31 - 49 _qpágina: 31 |
|
| 942 | _cANA | ||
| 945 | _aCatherine Arias Álvarez - Practicante SENA | ||
| 999 |
_c70212 _d70212 |
||